Matematika dľa žizni kniga dľa učiteľa

Bibliographic Details
Main Authors: Belovodskaja, Anastasija, 1976- (Author), Hornáček Banášová, Monika, 1979- (Author), Daumantas, Katinas (Author), Lipavic Oštir, Alja, 1965- (Author), Lipovec, Alenka (Author), Volungovičienė, Skaistė (Author)
Format: Book
Language:Russian
PhysicalDescription:87 strán farebné fotografie, ilustrácie, grafy, schémy, tabuľky 30 cm
Published: Trnava University of Ss. Cyril and Methodius in Trnava 2021
ISBN:9788057201748
Edition:1-e izdanije
Subjects:

MARC

LEADER 00000nam a2200000 4500
001 vtls012068866
003 SK-MaSNL
005 20260301230613.0
008 250414s2021 xo oa f p 000 0 rus
015 |a SNBA2023/05 
020 |a 9788057201748  |q (brožované)  |z 9788057201731 
040 |a SNK  |b slo  |c SNK  |e AACR2 
041 0 |a rus 
044 |a xo  |c SK 
072 7 |a 51  |x Matematika  |2 konspekt 
072 7 |a 37.016  |x Učebné osnovy. Vyučovacie predmety. Učebnice  |2 konspekt 
080 |a 51  |2 2011 
080 |a (075.8)  |2 2011 
080 |a (072)  |2 2011 
100 1 |a Belovodskaja, Anastasija,  |d 1976-  |4 aut  |9 621627 
245 1 0 |a Matematika dľa žizni  |b kniga dľa učiteľa  |c Anastasija Belovodskaja, Monika Hornáček Banášová, Daumantas Katinas, Alja Lipavic Oštir, Alenka Lipovec, Skaistė Volungevičienė 
246 3 1 |a Moduli Soft-CLIL po RKI 
250 |a 1-e izdanije 
264 1 |a Trnava  |b University of Ss. Cyril and Methodius in Trnava  |c 2021 
300 |a 87 strán  |b farebné fotografie, ilustrácie, grafy, schémy, tabuľky  |c 30 cm 
336 |a text  |b txt  |2 rdacontent 
337 |a bez média  |b n  |2 rdamedia 
338 |a zväzok  |b nc  |2 rdacarrier 
500 |a Financované programom Erasmus a Európskou úniou 
500 |a V tiráži chybnné ISBN, správne má byť 9788057201748 
504 |a Obsahuje bibliografiu 
650 0 7 |a matematika  |2 SNKPH  |9 70174 
650 0 7 |a počítanie  |2 SNKPH  |9 4104 
650 0 7 |a vyučovanie jazykov  |2 SNKPH  |9 31418 
650 0 7 |a Mathematics  |2 SNKPHeng  |9 265620 
650 0 7 |a Counting  |2 SNKPHeng  |9 302467 
650 0 7 |a Language teaching and learning  |2 SNKPHeng  |9 267180 
655 7 |a učebnice vysokých škôl  |2 SNKPH  |9 70191 
655 7 |a metodické príručky  |2 SNKPH  |9 70250 
655 7 |a Textbooks (higher)  |2 SNKPHeng  |9 276436 
655 7 |a Methodological manuals  |2 SNKPHeng  |9 270866 
700 1 |a Hornáček Banášová, Monika,  |d 1979-  |4 aut  |9 223931 
700 1 |a Daumantas, Katinas  |4 aut  |9 621628 
700 1 |a Lipavic Oštir, Alja,  |d 1965-  |4 aut  |9 209553 
700 1 |a Lipovec, Alenka  |4 aut  |9 340288 
700 1 |a Volungovičienė, Skaistė  |4 aut  |9 621629 
852 |a Slovenská národná knižnica 
919 |a 978-80-572-0174-8 
954 |a odborná, vedecká literatúra pôvodná (slovenská)  |2 lita 
954 |a NB 
999 |c 955439  |d 957369 
952 |a SNK  |b SNK  |y PREZ  |7 0  |p 17A1482202  |o snkSB 97961  |i snk2022/6427  |8 0  |0 0  |1 0  |4 0  |d 2022-04-29  |f 1  |l 0  |r 2026-02-24 10:01:38  |w 2026-02-24